000 00255nam a2200109Ia 4500
008 220204s9999 xx 000 0 und d
082 _a82-3
_bGOR
100 _aGordon, Richard
245 0 _aDoctor in love
260 _aEngland
_bPenguin
_c1977
942 _cBK
999 _c33006
_d33006